书目信息 |
| 题名: |
美国内战史
|
|
| 作者: | 罗德斯 著 ;焦晓霞 译 | |
| 分册: | ||
| 出版信息: | 北京 华文出版社 2019.05 |
|
| 页数: | x, 540页 | |
| 开本: | 25cm | |
| 丛书名: | 华文全球史 | |
| 单 册: | ||
| 中图分类: | K712.43 | |
| 科图分类: | ||
| 主题词: | 美国南北战争--mei guo nan bei zhan zheng--史料 | |
| 电子资源: | ||
| ISBN: | 978-7-5075-5096-2 | |
| 000 | 01244nam 2200277 450 | |
| 001 | 2075952719 | |
| 005 | 20201104210615.00 | |
| 010 | @a978-7-5075-5096-2@b精装@dCNY125.00 | |
| 100 | @a20190830d2019 em y0chiy50 ea | |
| 101 | 1 | @achi@ceng |
| 102 | @aCN@b110000 | |
| 105 | @aa z 000yy | |
| 200 | 1 | @a美国内战史@Amei guo nei zhan shi@e1861-1865@f(美) 詹姆斯·福特·罗德斯著@d= A history of the civil war@e1861-1865@fJames Ford Rhodes@g焦晓霞译@zeng |
| 210 | @a北京@c华文出版社@d2019.05 | |
| 215 | @ax, 540页@c图@d25cm | |
| 225 | 2 | @a华文全球史@Ahua wen quan qiu shi |
| 314 | @a詹姆斯·福特·罗德斯, 美国工业家、历史学家。焦晓霞, 硕士, 现为兰州城市学院国际文化翻译学院讲师。 | |
| 330 | @a本书以1861年到1865年的美国内战为线索, 引用大量官方记录、日记、传记、回忆录、书信等资料, 讲述了北方联邦军和南方邦联军之间长达五年的战争, 揭示了美国南北方矛盾的本质以及北方获胜、南方战败的深层原因。 | |
| 410 | 0 | @12001 @a华文全球史 |
| 500 | 10 | @aHistory of the civil war : 1861-1865@mChinese |
| 606 | 0 | @a美国南北战争@Amei guo nan bei zhan zheng@x史料 |
| 690 | @aK712.43@v5 | |
| 701 | 1 | @a罗德斯@Aluo de si@g(Rhodes, James Ford)@4著 |
| 702 | 0 | @a焦晓霞@Ajiao xiao xia@4译 |
| 801 | 0 | @aCN@b人天书店@c20201003 |
| 905 | @aZUCC@dK712.43@eL936 | |
| 美国内战史:1861-1865/(美) 詹姆斯·福特·罗德斯著= A history of the civil war:1861-1865/James Ford Rhodes/焦晓霞译.-北京:华文出版社,2019.05 |
| x, 540页:图;25cm.-(华文全球史) |
| ISBN 978-7-5075-5096-2(精装):CNY125.00 |
| 本书以1861年到1865年的美国内战为线索, 引用大量官方记录、日记、传记、回忆录、书信等资料, 讲述了北方联邦军和南方邦联军之间长达五年的战争, 揭示了美国南北方矛盾的本质以及北方获胜、南方战败的深层原因。 |
| ● |
| 相关链接 |
|
|
|
正题名:美国内战史
索取号:K712.43/L936
 
预约/预借
| 序号 | 登录号 | 条形码 | 馆藏地/架位号 | 状态 | 备注 |
| 1 | 1478112 | 214781128 | 社科库309/309社科库 41排4列1层/ [索取号:K712.43/L936] | 在馆 |